Los jesuitas se renuevan (Record no. 55458)

MARC details
000 -LEADER
campo de control de longitud fija 00570nam a2200169 i 4500
001 - NÚMERO DE CONTROL
campo de control 55458
003 - IDENTIFICADOR DE NÚMERO DE CONTROL
campo de control ES-MaACL
005 - FECHA Y HORA DE LA ÚLTIMA TRANSACCIÓN
campo de control 20230906163141.0
007 - CAMPO FIJO DE DESCRIPCIÓN FÍSICA--INFORMACIÓN GENERAL
campo de control de longitud fija t|
008 - DATOS DE LONGITUD FIJA--INFORMACIÓN GENERAL
campo de control de longitud fija 030919s1967 sp ||||1| spa d
100 1# - ENTRADA PRINCIPAL--NOMBRE DE PERSONA
Nombre de persona Rosa, Giuseppe de.
9 (RLIN) 99602
245 14 - MENCIÓN DEL TÍTULO
Título Los jesuitas se renuevan
Resto del título : la reciente congregación general de la Compañía de Jesús /
Mención de responsabilidad, etc. Giuseppe de Rosa ; [traducción por Virgilio Revuelta].
260 ## - PUBLICACIÓN, DISTRIBUCIÓN, ETC.
Lugar de publicación, distribución, etc. Madrid :
Nombre del editor, distribuidor, etc. Razón y Fé,
Fecha de publicación, distribución, etc. [1967]
300 ## - DESCRIPCIÓN FÍSICA
Extensión 158 p. ;
Dimensiones 19 cm.
700 1# - ENTRADA AGREGADA--NOMBRE PERSONAL
Nombre de persona Revuelta, Virgilio.
9 (RLIN) 96460
852 ## - LOCALIZACIÓN
Ubicación ES-MaACL
Número de control de estantería C-32635
Sublocalización o colección R.63425
Holdings
Estatus retirado Estado de pérdida Estado de daño No para préstamo Biblioteca de origen Biblioteca actual Ubicación en estantería Fecha de adquisición Fuente de adquisición Total de préstamos Signatura topográfica completa Código de barras Visto por última vez Precio de reemplazo Tipo de ítem Koha
        Biblioteca del Ateneo de Madrid Biblioteca del Ateneo de Madrid Depósito 2 17/01/2008     C-32635 1058266 23/02/2023 23/02/2023 Libro impreso